Environmental history : a concise introduction

Saved in:
Bibliographic Details
Main Author: Simmons, I. G. (Ian Gordon) 1937-
Format: Book
Language:English
Published: Oxford : Blackwell, 1993
Series:New perspectives on the past
Subjects:
Tags: Add Tag
No Tags, Be the first to tag this record!

MARC

LEADER 00000nam a2200000 i 4500
001 1/102107
008 950704s1993 eng d
020 |a 1-55786-446-2 
035 |l 10012370 
040 |a GR-MY-UA  |b gre  |e aacr 
041 0 |a eng 
082 0 |a 304.209 
100 1 |a Simmons, I. G.  |q (Ian Gordon)  |d 1937- 
245 1 0 |a Environmental history :  |b a concise introduction /  |c I. G. Simmons 
260 |a Oxford :   |b Blackwell,   |c 1993 
300 |a 206 p. 
490 1 |a New perspectives on the past 
504 |a Includes bibliographical references and index 
650 0 0 |a Nature  |x Effect of human beings on  |x History. 
650 0 0 |a Human beings  |x Effect of environment on  |x History. 
650 0 0 |a Human ecology  |x History. 
830 0 |a New perspectives on the past 
852 |a INST  |b LESVOS  |e 19950704  |h 304.209 SIM  |p 005100008349  |q 005100008349  |t BK  |y 0 
909 |a Λ  |b 041218 
950 |a 020-1995-02-23